000 01638nam a2200337 a 4500
001 00143
003 DO-SdBNP
005 20180312154641.0
007 00143
008 150130s2013 dr 2010 000 0 spa d
020 _a9789945122039
040 _aBNPHU
_bspa
_cBNPHU
092 _a373.7
_bP349m 1ro. 2013
100 1 _aPeña Geraldino, Rafael
245 1 0 _aMatemática 1:
_b[educación media] /
_cRafael Peña Geraldino ; ilustraciones Julio César Martínez
260 _aSanto Domingo :
_bMinisterio de Educación :
_bSusaeta,
_c2013
300 _a206 p :
_bil., retrs. ;
_c28 cm.
505 1 _tUnidad 1 -- La lógica --
_tUnidad 2 -- La naturaleza y los conjuntos --
_tUnidad 3 -- Inicios del álgebra --
_tUnidad 4 -- Potenciación, radicación y factorización --
_tUnidad 5 -- Operaciones algebraicas --
_tUnidad 6 -- Modelos matemáticos --
_tUnidad 7 -- Geómetras a través del tiempo --
_tUnidad 8 -- La primera dama del álgebra, Hypatía --
_tUnidad 9 -- Números imaginarios y números complejos --
_tUnidad 10 -- Estadísticas y probabilidades --
650 _aEDUCACIÓN SECUNDARIA
_zREPÚBLICA DOMINICANA
650 4 _aMATEMÁTICAS
_xLIBROS DE TEXTOS
650 4 _aMATEMÁTICAS
_xESTUDIOS Y EJERCICIOS
650 4 _aMATEMÁTICAS
_xENSEÑANZA SECUNDARIA
700 1 _aMartínez, Julio César,
_eil.
910 _aValidado. Control de calidad MFF
942 _2ddc
_cBK
945 _aRemanejada para la BNPHU 2018 / BT
956 _aDGARCIA
_b10
_c20150715
_lBND01
_h0842
956 _aYLOCKWARD
_b10
_c20150720
_lBND01
_h1321
956 _aVMATEO
_b10
_c20150720
_lBPMSU
_h00151
956 _aBTAVÁREZ
_b10
_c20160405
_l143
999 _c7977
_d7977